NBA MVP's (HARD) - Statistics

General Stats
  • This quiz has been taken 97 times
  • The average score is 42 of 69
Answer Stats
MVP's % Correct
Nikola Jokic
100%
Joel Embiid
98%
Giannis Antetokounmpo
95%
Nikola Jokic
95%
Nikola Jokic
93%
Giannis Antetokounmpo
90%
James Harden
90%
Stephen Curry
90%
Russell Westbrook
88%
Lebron James
86%
Stephen Curry
86%
Derrick Rose
84%
Lebron James
84%
Kevin Durant
83%
Steve Nash
83%
Steve Nash
83%
Kobe Bryant
81%
Lebron James
81%
Lebron James
81%
Dirk Nowitzki
78%
Kevin Garnett
78%
Shaquille O'neal
78%
Tim Duncan
74%
Allen Iverson
72%
Karl Malone
72%
Michael Jordan
72%
Michael Jordan
72%
Charles Barkley
69%
Hakeem Olajuwon
69%
Michael Jordan
69%
Michael Jordan
69%
Tim Duncan
69%
Karl Malone
66%
Magic Johnson
66%
Magic Johnson
66%
Magic Johnson
64%
David Robinson
62%
Larry Bird
62%
Larry Bird
62%
Larry Bird
62%
Michael Jordan
57%
Moses Malone
50%
Julius Erving
47%
Kareem Abdul-Jabbar
47%
Moses Malone
47%
Bob Pettit
41%
Kareem Abdul-Jabbar
40%
Bill Walton
36%
Bob Cousy
36%
Kareem Abdul-Jabbar
36%
Wilt Chamberlain
36%
Bill Russell
34%
Bill Russell
34%
Bill Russell
34%
Bill Russell
34%
Kareem Abdul-Jabbar
34%
Kareem Abdul-Jabbar
34%
Kareem Abdul-Jabbar
34%
Wilt Chamberlain
34%
Wilt Chamberlain
34%
Wilt Chamberlain
33%
Bill Russell
31%
Bob Pettit
31%
Moses Malone
31%
Oscar Robertson
31%
Bob McAdoo
28%
Dave Cowens
28%
Willis Reed
28%
Wes Unseld
24%
No matching quizzes found
Score Distribution
Percent of People with Each Score
Percentile by Number Answered
Your Score History
You have not taken this quiz